| 000 | 00354nam a22001337a 4500 | ||
|---|---|---|---|
| 082 |
_a516.242 _bHEI _cL-4 P-7 |
||
| 100 |
_aHeineman, E. Richard _939419 |
||
| 245 | _aPlane Trigonometry | ||
| 260 |
_aLondon _bMcGRAW HILL _c1650 |
||
| 300 |
_a184 P.: _bTables _c24 CM |
||
| 526 |
_a0 _b0 _c0 _d516_242000000000000_HEI |
||
| 650 |
_aMCE _9379 |
||
| 942 |
_2ddc _cBK |
||
| 999 |
_c543916 _d543916 |
||